Principles of microbiology and immunology (Record no. 23753)

MARC details
000 -LEADER
fixed length control field 00411nam a2200157Ia 4500
082 ## - DEWEY DECIMAL CLASSIFICATION NUMBER
Classification number 579:577.27
Item number DAV
100 ## - MAIN ENTRY--AUTHOR NAME
Personal name DAVIS, Bernard D
245 #0 - TITLE STATEMENT
Title Principles of microbiology and immunology
260 ## - PUBLICATION, DISTRIBUTION, ETC. (IMPRINT)
Place of publication London
Name of publisher Harper & Row
Year of publication 1967
650 ## - SUBJECT ADDED ENTRY--TOPICAL TERM
Topical Term Bacterial physiology
650 ## - SUBJECT ADDED ENTRY--TOPICAL TERM
Topical Term Immunology
650 ## - SUBJECT ADDED ENTRY--TOPICAL TERM
Topical Term Microbiology
650 ## - SUBJECT ADDED ENTRY--TOPICAL TERM
Topical Term Virology
942 ## - ADDED ENTRY ELEMENTS (KOHA)
Koha item type Books
Holdings
Withdrawn status Lost status Damaged status Not for loan Home library Current library Date acquired Full call number Accession Number Koha item type
        RRII Library RRII Library 16/12/2021 579:577.27 DAV 04448 Books